Wird geladen...

Shakespeare's imagined persons;The psychology of role-playing and acting /

Bibliographische Detailangaben
1. Verfasser: Murray, Peter B.
Format: Printed Book
Sprache:English
Veröffentlicht: Lanham: Barnes&Noble, c1996.
Schlagworte:
LEADER 00644 a2200181 4500
008 150103s9999 000 0 eng
020 |a 0389210161 
082 |a 822.33D  
100 |a Murray, Peter B. 
245 |a Shakespeare's imagined persons;The psychology of role-playing and acting / 
260 |a Lanham:  |b Barnes&Noble,  |c c1996. 
300 |a 256 p. 
650 |a Shakespeare, William. 
653 |a English drama. 
653 |a Psychological aspects. 
942 |c BK 
999 |c 301532  |d 301532 
952 |0 0  |1 0  |2 ddc  |4 0  |6 822_000000000000000_33D_MUR_SH  |7 0  |9 344849  |a DRA  |b DRA  |c ST1  |d 2010-09-03  |i 6084  |l 0  |o 822.33D MUR/SH  |p DRA6084  |r 2019-01-03  |w 2019-01-03  |y BK